Score 0/20 Timer 03:00
0 Plays Today
Song Name % Correct
_____ And JulietRomeo
96.1%
_____ EastwoodClint
93.4%
Hit the Road _____Jack
93.2%
Hey _____Jude
92.6%
_____ B. GoodeJohnny
92.1%
Me And _____ McGeeBobby
83.6%
Bad, Bad _____ BrownLeroy
83.1%
You Can Call Me _____Al
76.1%
Sweet Baby _____James
60.3%
What's The Frequency, _____?Kenneth
47.6%
Song Name % Correct
_____ Raised a CainAdam
42.4%
_____'s Theme (Best That You Can Do)Arthur
41.1%
_____'s DinerTom
35.1%
Goodbye _____Earl
32.4%
Wild _____'s Circus StoryBilly
31.5%
_____'s ArmyOliver
27.1%
Movin' Out (_____'s Song)Anthony
26.9%
_____ WiggumRalph
24.1%
_____'s TownSam
23.9%
The Ballad of _____ HayesIra
12.3%

Today's Daily Dose

Word Ladder
Athletics

Remove Ads.
Support Sporcle.
Get the best of Sporcle when you Go Orange. This ad-free experience offers more features, more stats, and more fun while also helping to support Sporcle. Thank you for becoming a member.

You're not logged in!

Compare scores with friends on all Sporcle quizzes.
OR
Log In

Show Comments

Extras

Top Quizzes Today


Score Distribution

Your Account Isn't Verified!

In order to create a playlist on Sporcle, you need to verify the email address you used during registration. Go to your Sporcle Settings to finish the process.

Report this User

Report this user for behavior that violates our Community Guidelines.

Details: